50 Cities of 50 States Quiz - Easier Version - Statistics

General Stats
  • This quiz has been taken 108 times
  • The average score is 35 of 50
Answer Stats
Hint Answer % Correct
Juneau Alaska
97%
Santa Fe New Mexico
96%
Savannah Georgia
92%
Reno Nevada
91%
Portland Maine
88%
Montpelier Vermont
88%
Bismarck North Dakota
87%
Toledo Ohio
87%
Lincoln Nebraska
86%
Columbia South Carolina
86%
Knoxville Tennessee
86%
San Diego California
84%
Hartford Connecticut
84%
Pittsburgh Pennsylvania
83%
Amarillo Texas
83%
Saint Louis Missouri
82%
Mesa Arizona
81%
Dover Delaware
81%
Concord New Hampshire
81%
Yonkers New York
81%
Eugene Oregon
79%
Sioux Falls South Dakota
79%
Hilo Hawaii
77%
Lexington Kentucky
77%
Charleston West Virginia
75%
Tacoma Washington
73%
Flint Michigan
70%
Casper Wyoming
70%
Plymouth Massachusetts
69%
Greensboro North Carolina
66%
Huntsville Alabama
65%
Ogden Utah
61%
Gainesville Florida
58%
Shreveport Louisiana
58%
Fort Wayne Indiana
56%
Newport News Virginia
55%
Vail Colorado
53%
Davenport Iowa
53%
Camden New Jersey
53%
Pawtucket Rhode Island
52%
Twin Falls Idaho
51%
Tupelo Mississippi
49%
Missoula Montana
48%
Saint Cloud Minnesota
45%
Jonesboro Arkansas
44%
Appleton Wisconsin
43%
Frederick Maryland
42%
Manhattan Kansas
40%
Rockford Illinois
39%
Lawton Oklahoma
34%
No matching quizzes found
Score Distribution
Percent of People with Each Score
Percentile by Number Answered
Your Score History
You have not taken this quiz